आधुनिक भारतीय राजनीतिक चिन्तक / (Record no. 120463)
[ view plain ]
| 000 -LEADER | |
|---|---|
| fixed length control field | 01398nam a22002777a 4500 |
| 005 - DATE AND TIME OF LATEST TRANSACTION | |
| control field | 20170124103158.0 |
| 010 ## - LIBRARY OF CONGRESS CONTROL NUMBER | |
| LC control number | A-994784 |
| 020 ## - INTERNATIONAL STANDARD BOOK NUMBER | |
| Terms of availability | 300.00 |
| International Standard Book Number | 8186803637 |
| 035 ## - SYSTEM CONTROL NUMBER | |
| System control number | A-994784 |
| 037 ## - SOURCE OF ACQUISITION | |
| Source of stock number/acquisition | Cen Lib/Ret |
| 040 ## - CATALOGING SOURCE | |
| Original cataloging agency | DPL |
| Language of cataloging | HN |
| 082 ## - DEWEY DECIMAL CLASSIFICATION NUMBER | |
| Classification number | 320.50954 |
| Item number | जैनध |
| 100 ## - MAIN ENTRY--PERSONAL NAME | |
| Personal name | जैन, धर्मचन्द्र |
| 9 (RLIN) | 42961 |
| 245 ## - TITLE STATEMENT | |
| Title | आधुनिक भारतीय राजनीतिक चिन्तक / |
| Statement of responsibility, etc | धर्मचन्द्र जैन [और] कैलाश चन्द्र दरोगा |
| 246 ## - VARYING FORM OF TITLE | |
| Title proper/short title | Adhunk bhartiya rajnitik chintak / |
| Remainder of title | by Dharamchandra Jain [aur] Kailash Chandra Daroga |
| 260 ## - PUBLICATION, DISTRIBUTION, ETC. (IMPRINT) | |
| Place of publication, distribution, etc | जयपुर |
| Name of publisher, distributor, etc | नेशनल पब्लिशिंग हाउस |
| Date of publication, distribution, etc | 2000 |
| 270 ## - ADDRESS | |
| Address | 377, चुदा रास्ता |
| City | जयपुर |
| Postal code | 302003 |
| 300 ## - PHYSICAL DESCRIPTION | |
| Extent | 251पृ. |
| Dimensions | 21सेमी (सजिल्द) |
| 500 ## - GENERAL NOTE | |
| General note | सन्दर्भ सूची शामिल |
| 650 ## - SUBJECT ADDED ENTRY--TOPICAL TERM | |
| Topical term or geographic name as entry element | भारतीय राजनेता -- जीवनी |
| 9 (RLIN) | 90552 |
| 650 ## - SUBJECT ADDED ENTRY--TOPICAL TERM | |
| Topical term or geographic name as entry element | राजीनीतिक चिन्तक -- जीवनी -- भारत |
| 9 (RLIN) | 90553 |
| 650 ## - SUBJECT ADDED ENTRY--TOPICAL TERM | |
| Topical term or geographic name as entry element | Indian politicians - Biography |
| 9 (RLIN) | 90554 |
| 650 ## - SUBJECT ADDED ENTRY--TOPICAL TERM | |
| Topical term or geographic name as entry element | Political thinkers - Biography - India |
| 9 (RLIN) | 90555 |
| 700 ## - ADDED ENTRY--PERSONAL NAME | |
| Personal name | कैलाश चन्द्र दरोगा |
| 9 (RLIN) | 6739 |
| 942 ## - ADDED ENTRY ELEMENTS (KOHA) | |
| Source of classification or shelving scheme | Dewey Decimal Classification |
| Koha item type | Hindi Books |
| Classification part | 320.50954 |
| Call number suffix | जैनध |
| Withdrawn status | Lost status | Damaged status | Not for loan | Home library | Current library | Date acquired | Source of acquisition | Cost, normal purchase price | Total Checkouts | Full call number | Barcode | Date last seen | Copy number | Cost, replacement price | Price effective from | Koha item type |
|---|---|---|---|---|---|---|---|---|---|---|---|---|---|---|---|---|
| Central Library | Central Library | 23/09/2015 | Cen Lib/Ret | 300.00 | 320.50954 जैनध | A-994784 | 23/09/2015 | 1 | 300.00 | 23/09/2015 | Hindi Books |
